LEADER 00856nam a2200193 i 4500 001 000000158750 003 CaOOAMICUS 005 20160808000000.0 008 160808s1784 it u000 u ita u 013 $a136113 026 $ae,i- 7.la I.I. (3(3 (3) 1784 (R) 040 $aSeMil$bita 245 10$aTomo 1. 300 $axix, [1], 526, [6] p. :$bill. calcogr. ;$cfol. 500 $aSegn. : [a]4 b6 A-3V4 3X2. 773 0 $aTiraboschi, Girolamo <1731-1794>$tStoria dell'augusta Badia di S. Silvestro di Nonantola aggiuntovi il codice diplomatico della medesima illustrato con note opera del cavaliere ab. Girolamo Tiraboschi ..$dIn Modena : Presso la Società tipografica, 1784-1785.$g1$w()33297 850 $aSeMil 852 $aSeMil$W1$xVenegono$y1$m3T VIII 1 FA$j110355$B110355$CSeMilBibl$Z2$F121291 $8I 996 $6245$aTomo 1$9(OLS)http://semarc/title/46685 LEADER 01542nam a2200361 i 4500 001 000000069223 003 CaOOAMICUS 005 20040514000000.0 008 040514s1991 it u000 u ita u 013 $a40395 020 $a88-16-60109-4 040 $aSeMil$bita 100 1 $aDeschamps, Paul.$0(OLS)http://semarc/name/34591 240 10$aTerre Sainte romane.$0(OLS)http://semarc/title/110769 245 10$aTerra Santa romanica /$ctesto di Paul Deschamps ; fotografie di Zodiaque. 260 $aMilano :$bJaca Book,$c1991. 300 $a328 p. :$briccamente ill. ;$c23 cm. 490 0 $aLe fondamenta 490 0 $aGià e non ancora. Arte ;$v109 500 $aContiene : Nota bibliografica. - In custodia. - Fondo Ciprandi. 650 4$aArte romanica - Luoghi santi.$0(OLS)http://semarc/subject/13725 650 4$aArte romanica - Palestina.$0(OLS)http://semarc/subject/13726 650 4$aCastelli - Luoghi Santi.$0(OLS)http://semarc/subject/13727 710 0 $aZodiaque.$0(OLS)http://semarc/name/5300 830 3$aLe fondamenta.$0(OLS)http://semarc/title/577 830 0$aGià e non ancora. Arte ;$v109.$0(OLS)http://semarc/title/14448 850 $aSeMil 852 $aSeMil$W1$xVenegono$y1$m5I VI 37$j35376$B35376$CSeMilBibl$Z2$F35379 $8I 941 1 $a1 961 $aOmaggio: Ciprandi dott. Paolo 996 $6020$a88-16-60109-4$9(OLS)http://semarc/number/47629 996 $6245$aTerra Santa romanica$9(OLS)http://semarc/title/110768 996 $6260$aMilano :$bJaca Book$9(OLS)http://semarc/publisher/29781